|
|
|
|
| LEADER |
00000naa a2200000 ar4500 |
| 001 |
vtls008941293 |
| 003 |
SK-MaSNL |
| 005 |
20260302145717.0 |
| 008 |
070131e2005 xo oa |b |||| ||slo |
| 015 |
|
|
|a SNBRA2007/01
|2 snkbucl
|
| 038 |
|
|
|a SNKBUCL
|
| 040 |
|
|
|a SNKBUCL
|b slo
|c SNKBUCL
|e AACR2
|
| 041 |
0 |
|
|a slo
|
| 044 |
|
|
|a xo
|c SK
|
| 080 |
|
|
|a 94(437.6)
|x "00/04"
|2 1997
|
| 080 |
|
|
|a 718
|x (437.6)
|x "00/04"
|2 1997
|
| 080 |
|
|
|a 902
|x (437.6)
|2 1997
|
| 100 |
1 |
|
|a Ruttkayová, Jaroslava,
|d 1960-
|4 aut
|9 9192
|
| 245 |
1 |
0 |
|a Nitra a okolie v rímskej dobe
|c Jaroslava Ruttkayová
|
| 300 |
|
|
|b Fotogr., obr.
|
| 504 |
|
|
|a Bibliogr. odkazy
|
| 650 |
0 |
7 |
|a Germáni
|2 snkbucl
|9 73420
|
| 650 |
0 |
7 |
|a kniežacie hroby
|2 snkbucl
|9 90119
|
| 650 |
0 |
7 |
|a rímske sídliská
|2 snkbucl
|9 838109
|
| 650 |
0 |
7 |
|a osídľovanie
|2 snkbucl
|9 31252
|
| 650 |
0 |
7 |
|a Rimania
|2 snkbucl
|9 247503
|
| 650 |
0 |
7 |
|a germánske pohrebiská
|2 snkbucl
|9 394186
|
| 650 |
0 |
7 |
|a rímske pohrebiská
|2 snkbucl
|9 442022
|
| 650 |
0 |
7 |
|a germánske sídliská
|2 snkbucl
|9 838110
|
| 650 |
0 |
7 |
|a doba rímska
|2 snkbucl
|9 85771
|
| 651 |
|
7 |
|a Nitra (Slovensko)
|2 snkbucl
|9 15714
|
| 773 |
0 |
|
|t Dávne dejiny Nitry a okolia vo svetle najnovších archeologických nálezov
|d Nitra : Archeologický ústav SAV, 2005
|g S. 45-54
|z 8088709792
|
| 852 |
|
|
|a SNK
|b KIS3GCP
|
| 958 |
|
|
|a NB
|
| 999 |
|
|
|c 1355280
|d 1357210
|